Gemeinden von Lilienfeld - Statistiken

Allgemein
  • Dieses Quiz wurde 239 mal gespielt
  • Das Durchschnittsergebnis liegt bei 10 aus 14
Antworten auf der Karte
Die Antworten werden auf der Karte rot bzw. grün angezeigt, abhängig davon wie oft sie richtig erraten wurden.
 
Antwortstatistiken
Einwohner Gemeinde % Korrekt
2.635 Lilienfeld
96%
3.457 Traisen
90%
1.834 St. Aegyd am Neuwalde
79%
510 Annaberg
78%
3.756 Hainfeld
78%
3.848 St. Veit an der Gölsen
76%
1.891 Türnitz
75%
479 Mitterbach am Erlaufsee
67%
1.460 Hohenberg
58%
1.310 Eschenau
57%
831 Ramsau
57%
854 Kleinzell
55%
1.539 Rohrbach an der Gölsen
55%
1.070 Kaumberg
48%
Keine übereinstimmenden Quizze gefunden
Verteilung der Resultate
Anzahl Personen mit jedem Resultat
Perzentil nach korrekt beantworteten Fragen
Ihre Resultats-Entwicklung
Sie haben dieses Quiz noch nicht gespielt